Gaming Quiz

Random Gaming or Pokémon Quiz

Ice Pokémon (Gen. 3) (Picture Click) Quiz Stats

 Plays Quiz not verified by Sporcle

Score 0/6 Timer 01:00
0 Plays Today
% Correct
Walrein
95.6%
Sealeo
95.4%
Regice
95.4%
Spheal
92.2%
Glalie
86.9%
Snorunt
84.2%

You're not logged in!

Compare scores with friends on all Sporcle quizzes.
OR
Log In

You Might Also Like...

Show Comments

Extras

Top Quizzes Today


Score Distribution

Your Account Isn't Verified!

In order to create a playlist on Sporcle, you need to verify the email address you used during registration. Go to your Sporcle Settings to finish the process.

Report this User

Report this user for behavior that violates our Community Guidelines.

Details: